书目信息 |
| 题名: |
回味宋朝
|
|
| 作者: | 若木 著 | |
| 分册: | ||
| 出版信息: | 北京 中国三峡出版社 2008 |
|
| 页数: | 232页 | |
| 开本: | 23cm | |
| 丛书名: | 读史丛书 | |
| 单 册: | ||
| 中图分类: | K244.09 | |
| 科图分类: | ||
| 主题词: | 两宋时代--历史--通俗读物 , 两宋时代 , 历史 | |
| 电子资源: | ||
| ISBN: | 978-7-80223-382-9 | |
| 000 | 00917oam2 2200277 45 | |
| 001 | 1050818500 | |
| 005 | 20100419102350.18 | |
| 010 | @a978-7-80223-382-9@dCNY29.80 | |
| 100 | @a20100409e20092008em y0chiy50 ea | |
| 101 | 0 | @achi |
| 102 | @aCN@b110000 | |
| 105 | @aa z 000yd | |
| 106 | @ar | |
| 200 | 1 | @a回味宋朝@AHui Wei Song Chao@e晓风残月@EXiao Feng Can Yue@f若木著@FRuo Mu Zhu |
| 210 | @a北京@c中国三峡出版社@d2008@h2009 | |
| 215 | @a232页@c图@d23cm | |
| 225 | 2 | @a读史丛书@i回味历史系列 |
| 330 | @a本书共分九章,内容包括赵匡胤开创大宋基业;宋太宗守内虚外;用银绢换来的和平岁月;维新派的强国之梦;北宋时期的农民起义;北宋朝廷倾覆等。 | |
| 461 | 0 | @12001 @a读史丛书@i回味历史系列 |
| 606 | 0 | @a两宋时代@x历史@j通俗读物 |
| 606 | 0 | @a两宋时代 |
| 606 | 0 | @a历史 |
| 690 | @aK244.09@v4 | |
| 701 | 0 | @a若木@ARuo Mu@g(历史)@4著 |
| 801 | 0 | @aCN@bTANGWEI@c20100419 |
| 905 | @b0590818-19@dK244.09@e45@f2 | |
| 回味宋朝:晓风残月/若木著.-北京:中国三峡出版社,2008(2009) |
| 232页:图;23cm.-(读史丛书.回味历史系列) |
| ISBN 978-7-80223-382-9:CNY29.80 |
| 本书共分九章,内容包括赵匡胤开创大宋基业;宋太宗守内虚外;用银绢换来的和平岁月;维新派的强国之梦;北宋时期的农民起义;北宋朝廷倾覆等。 |
| ● |
| 相关链接 |
|
|
|
|
正题名:回味宋朝
索取号:K244.09/45
 
预约/预借
| 序号 | 登录号 | 条形码 | 馆藏地/架位号 | 状态 | 备注 |
| 1 | 0590818 | 205908188 | 第二样本阅览室/ [索取号:K244.09/45] | 在馆 | |
| 2 | 0590819 | 205908197 | 第二借阅区/ [索取号:K244.09/45] | 在馆 |